[Event "Regionalliga NW 0506"]
[Site "Bayern"]
[Date "2006.02.19"]
[Round "7.5"]
[White "Bachmann, Wolfgang"]
[Black "Lang, Rudolf"]
[Result "0-1"]
[WhiteElo "1963"]
[BlackElo "1851"]
[PlyCount "102"]
[EventDate "2005.10.23"]
[EventType "team-tourn"]
[EventRounds "9"]
[EventCountry "GER"]
[SourceTitle "EXT 2007"]
[Source "ChessBase"]
[SourceDate "2006.11.23"]
[SourceVersion "1"]
[SourceVersionDate "2006.11.23"]
[SourceQuality "1"]

1. d4 Nf6 2. Nf3 g6 3. Bg5 Bg7 4. Nbd2 0-0 5. e3 b6 6. Be2 Bb7 7. 0-0 d6 8. c4 e6 9. Qc2 Nbd7 10. Rfd1 c5 11. Rac1 h6 12. Bh4 Qc7 13. dxc5 bxc5 14. Ne1 e5 15. Bf3 Rab8 16. b3 Rbe8 17. Ne4 Nxe4 18. Bxe4 Re6 19. Nf3 f5 20. Bd5 Bxd5 21. cxd5 Ree8 22. h3 e4 23. Nd4 Bxd4 24. exd4 Qb7 25. Qc3 g5 26. Bg3 f4 27. Bh2 Rf5 28. dxc5 Nxc5 29. Rd4 Rxd5 30. Qc4 Ree5 31. Rcd1 Nd3 32. Rd2 Kf8 33. Rxd5 Qxd5 34. Qc8+ Re8 35. Qc3 Kf7 36. h4 Qe5 37. Rc2 Qxc3 38. Rxc3 Re7 39. hxg5 hxg5 40. Kf1 Ke6 41. f3 d5 42. fxe4 dxe4 43. Bg1 Rd7 44. Rc6+ Kf5 45. Ra6 e3 46. g3 Nc1 47. Ke1 e2 48. Ra5+ Kf6 49. Ra6+ Ke5 50. Ra5+ Ke4 51. Ra4+ Kf3 0-1